000 00477nam a22001577a 4500
005 20251108164649.0
008 250721s1999 xx 000 0 ara d
082 1 4 _a615.89/كوس
100 1 _aالكوسا، ماهر وليد رشيد
245 1 0 _aخيرات البرية في علاج البشرية /
264 1 _aعمان :
_bدار الوليد للنشر،
_c1999.
300 _a120ص
650 1 7 _aالعلاج الطبيعي
942 _2ddc
_cBK
999 _c11266
_d11266